000 00917nam a2200253Ia 4500
003 OSt
005 20220923211323.0
006 a|||||r|||| 00| 0
007 ta
008 220922b |||||||| |||| 00| 0 hin d
020 _a9788181439246 (hbk)
_c495
024 _a242,051
037 _b486, 02/03/2010, Vani Prakashan
_cTextual
040 _aARTS
_cARTS
_bhin
041 _2hin
_ahin
082 _aO152,1N11:g, P8
100 _a़ऋषिकल्प, रमेश
245 0 _aअज्ञेय की कविता परम्परा और प्रयोग
246 _aAjnyeya kī kavitā paramparā aur prayoga
260 _aनयी दिल्ली
_b वाणी प्रकाशन
_c2008
300 _a316पृ.
_ccm.
942 _hO152,1N11:g, P8
_cTEXL
_2CC
999 _c298475
_d298475